000 01407nam2a22002771 4500
001 v19\rc\1933435
005 20251118180744.7
035 _a(NLR Aleph) 005018344
090 _a6562125
_c6562125
100 _a20080404d1913 u y0rusy50 ca
101 0 _arus
102 _aRU
105 _ay z |||||
200 0 _a... за 1912 год
210 _d1913
215 _a24 с.
311 _aПрил. к Отчету за 1912 г.
422 0 _12001#$aОтчет за 1912 г.
_tОтчет за 1912 г.
461 0 _1001v19\rc\1933433
_12001#$aЖурналы заседаний Попечительного совета Рязанской Екатерининской общины сестер милосердия Общества Красного креста...$v... за 1912 год
_96562107
_aРязанская община сестер милосердия во имя св. Екатерины. Попечительный совет
_cРязань
_d1912-1914
_tЖурналы заседаний Попечительного совета Рязанской Екатерининской общины сестер милосердия Общества Красного креста...
_v... за 1912 год
801 0 _aRU
_bNLR
_gpsbo
801 0 _aRU
_bRuMoRGB
_2psbo
801 1 _aRU
_bProSoft-M
_2rusmarc
852 _aNLR
_j17.140.3.176
899 _aRuMoRGB
_jV 122/479
942 _cBOOK
980 _aNB